000 00794nam a22002297a 4500
005 20240530110921.0
008 220221s2009 ua a g b 000 0 ara d
040 _aEG-CaGPL
_cEG-CaGPL
082 0 4 _221
_a340 \
_bح ت
100 0 _aحلمى نجم
245 1 0 _aتساؤل وتفاؤل /
_cحلمى نجم
250 _aط.1
260 _aالقاهرة :
_bدار ايما للنشر ،
_c2009
300 _a263 ص؛
_c24 سم
650 0 7 _aقانون الاحوال الشخصية
_2qrmak
650 0 7 _aالقانون المدنى
_2qrmak
650 0 7 _aالقانون الجنائى
_2qrmak
650 0 7 _aقانون المواريث
_2qrmak
650 0 7 _aقانون الاجراءات الجنائية
_2qrmak
942 _2ddc
_cBK
999 _c66494
_d66494